000 004230000a22001570004500
090 _aAR
_b00969
245 1 0 _aClaves para las familias de tortugas de Colombia
650 1 4 _aTortugas
_992709
650 1 4 _aMorfología animal
_99953
650 1 4 _aTaxonomía animal
_98245
651 4 _pColombia
_992749
041 0 _aEspañol
100 1 _aHoffman, Forrest M.
_992960
942 _cARTICULO
773 1 _tPreprint
_33
_q1-4
_d1945
999 _c10057
_d10057